[Event "Borzhomi"]
[Site "Borzhomi"]
[Date "1988.??.??"]
[Round "?"]
[White "Khenkin, Igor"]
[Black "Ulibin, Mikhail"]
[Result "1/2-1/2"]
[WhiteElo "2340"]
[BlackElo "2390"]

1.d4 e6 2.c4 Nf6 3.Nf3 Bb4+ 4.Nbd2 O-O 5.a3 Be7 6.e4 d5 7.Bd3 c5 8.dxc5 dxe4
9.Nxe4 Nxe4 10.Bxe4 Qxd1+ 11.Kxd1 Bxc5 12.b4 Bxf2 13.c5 f5 14.Bb1 Nc6 15.Ra2 Rd8+
16.Rd2 Rxd2+ 17.Bxd2 b5 18.Ba2 Kf8 19.g4 Bd7 20.Rf1 Bd4 21.Ng5 Ke7 22.gxf5 exf5
23.Re1+ Kd8 24.Nf7+ Kc7 25.Bf4+ Kb7 26.Nd6+ Ka6 27.Bd5 Rb8 28.Re2 g5 29.Bxg5 Bg7
30.Bf4 Bf8 31.Nxb5 Kxb5 32.Bxc6+ Bxc6 33.Bxb8 Bf3 34.Bxa7 Bh6 35.Ke1 Bxe2
36.Kxe2 Bc1 37.Bb6 Bxa3 38.Ba5 Bb2 39.Kf3 Be5 40.h3 h5 41.Ke3 Kc6 42.Kd3 Kb5
43.Bd8 Bg7 44.Bg5 Be5 45.Bd2 Bf6 46.Be1 Bg7 47.Bc3 Bh6 48.Be5 Bg5 49.Kd4 Bd2
50.Kd5 Bxb4 51.c6 Kb6 52.Bf4 Ba3 53.Bg3 Bb4 54.Bf4 Ba3 55.Bd2 Kc7 56.Ba5+ Kc8
57.Ke5 Bc5 58.Kxf5 Bf2 59.Kg5 h4 60.Kf5 Bg3 61.Ke6 Bf2 62.Bd2 Kc7 63.Kd5 Bg3
64.Ba5+ Kc8  1/2-1/2

[Event "Budapest+"]
[Site "Budapest"]
[Date "1988.??.??"]
[Round "?"]
[White "Mohr, Stefan"]
[Black "Schneider, Attila"]
[Result "1-0"]
[WhiteElo "2400"]
[BlackElo "2420"]

1.d4 Nf6 2.c4 e6 3.Nf3 Bb4+ 4.Nbd2 c5 5.a3 Bxd2+ 6.Bxd2 b6 7.Bg5 cxd4 8.Nxd4 d5
9.g3 Bb7 10.Bg2 Qd7 11.Bxf6 gxf6 12.cxd5 Bxd5 13.Bxd5 Qxd5 14.O-O O-O 15.Rc1 Rd8
16.e3 Na6 17.b4 Rac8 18.Qg4+ Kh8 19.Rfd1 Rxc1 20.Rxc1 Qa2 21.Qf3 Kg7 22.Qb7 Qxa3
23.Nxe6+ Kh6 24.Qxf7 Qxc1+ 25.Kg2 Qc6+ 26.Kh3  1-0

[Event "Compack"]
[Site "Budapest"]
[Date "1988.??.??"]
[Round "?"]
[White "Barbero, Gerardo F"]
[Black "Kosten, Anthony C"]
[Result "1-0"]
[WhiteElo "2505"]
[BlackElo "2510"]

1.d4 Nf6 2.c4 e6 3.Nf3 Bb4+ 4.Nbd2 b6 5.a3 Bxd2+ 6.Qxd2 Bb7 7.e3 O-O 8.Bd3 Ne4
9.Qc2 f5 10.O-O Rf6 11.Nd2 Rh6 12.f3 Qh4 13.fxe4 Qxh2+ 14.Kf2 Rg6 15.Rg1 fxe4
16.Bxe4 Bxe4 17.Qxe4 Nc6 18.Rf1 Rd8 19.Ke2 d5 20.cxd5 Rxd5 21.Rf2 Qd6 22.Nc4 Qd7
23.Bd2 e5 24.Raf1 Rf6 25.Rxf6 gxf6 26.Rxf6 exd4 27.Qf4 Qe8 28.Qg4+ Kh8 29.Qf3 Kg7
30.Qxd5 Kxf6 31.e4  1-0

[Event "Budapest"]
[Site "Budapest"]
[Date "1988.??.??"]
[Round "?"]
[White "Mohr, Stefan"]
[Black "Hoelzl, Franz"]
[Result "1-0"]
[WhiteElo "2400"]
[BlackElo "2370"]

1.d4 Nf6 2.c4 e6 3.Nf3 Bb4+ 4.Nbd2 c5 5.a3 Bxd2+ 6.Bxd2 cxd4 7.Nxd4 d5 8.cxd5 Qxd5
9.e3 a6 10.Bb4 e5 11.Nf3 Nc6 12.Bd6 Qe6 13.Rc1 e4 14.Ng5 Qf5 15.Rc5 Qg4 16.Qb3 Qd7
17.Be5 Qe7 18.Qc2 Nd7 19.Rxc6 bxc6 20.Bf4 Nc5 21.b4 f6 22.bxc5 fxg5 23.Bd6 Qe6
24.Bc4 Qg4 25.O-O Be6 26.Qb2 Kf7 27.Be2 Qf5 28.Bh5+ g6 29.Qb7+ Bd7 30.Be2 Kg7
31.Rd1 Kh6 32.h4 Rad8 33.hxg5+ Kxg5 34.Bf4+ Kf6 35.g4 Qxc5 36.Rxd7 Rxd7 37.Qxd7 g5
38.Bd6 Qd5 39.Qe7+ Kg6 40.Be5  1-0

[Event "Buenos Aires"]
[Site "Buenos Aires"]
[Date "1988.??.??"]
[Round "?"]
[White "Franco Ocampo, Zenon"]
[Black "Giardelli, Sergio C"]
[Result "1-0"]
[WhiteElo "2425"]
[BlackElo "2380"]

1.d4 Nf6 2.c4 e6 3.Nf3 Bb4+ 4.Nbd2 d5 5.Qa4+ Nc6 6.a3 Be7 7.e3 O-O 8.Bd3 a5
9.O-O Bd7 10.Qc2 a4 11.Ne5 Na5 12.c5 Qe8 13.Nxd7 Qxd7 14.b4 axb3 15.Nxb3 Nxb3
16.Qxb3 b6 17.cxb6 cxb6 18.a4 Rfc8 19.Bd2 Ne4 20.Be1 Nd6 21.Bb4 Ra7 22.Ra2 g6
23.g3 Bf8 24.Rfa1 Rca8 25.Be1 Qc6 26.Rc2 Qe8 27.Rca2 Qc6 28.Kg2 Nc4 29.Kg1 Nd6
30.Kg2 Nc4 31.h4 h5 32.Qc2 Bg7 33.Kg1 e5 34.e4 Rc8 35.Rc1 Rac7 36.Qe2 exd4
37.exd5 Qxd5 38.Rac2 Ne5 39.Rxc7 Rxc7 40.Rxc7 Nf3+ 41.Kh1 Nxe1+ 42.Be4 Qe5
43.Rc8+ Kh7 44.Re8 Qa5 45.Bb7  1-0

[Event "Caorle op"]
[Site "Caorle"]
[Date "1988.??.??"]
[Round "2"]
[White "Redepogic, R."]
[Black "Saesseli, K."]
[Result "1-0"]
[WhiteElo "2330"]
[BlackElo "2200"]

1.d4 Nf6 2.c4 e6 3.Nf3 Bb4+ 4.Nbd2 b6 5.a3 Bxd2+ 6.Qxd2 Bb7 7.e3 O-O 8.Be2 d6
9.O-O Nbd7 10.b4 Qe7 11.Bb2 Ne4 12.Qc2 f5 13.Rad1 a5 14.Ne1 axb4 15.axb4 Ndf6
16.f3 Ng5 17.Nd3 Nf7 18.b5 Nd7 19.Ra1 e5 20.d5 e4 21.Qc3 Nfe5 22.Nxe5 Qxe5
23.Qxe5 dxe5 24.fxe4 fxe4 25.Rxf8+ Kxf8 26.Rxa8+ Bxa8 27.Bg4  1-0

[Event "Caorle op"]
[Site "Caorle"]
[Date "1988.??.??"]
[Round "6"]
[White "Wigmans, E."]
[Black "Alberton, Roberto"]
[Result "0-1"]
[WhiteElo "2000"]
[BlackElo "1980"]

1.d4 Nf6 2.c4 e6 3.Nf3 Bb4+ 4.Nbd2 O-O 5.g3 b6 6.Bg2 Bb7 7.O-O Bxd2 8.Bxd2 d6
9.Bc3 Ne4 10.Rc1 Nxc3 11.Rxc3 a5 12.Re1 Nd7 13.e4 e5 14.dxe5 Nxe5 15.Nxe5 dxe5
16.Rd3 Qe8 17.Re2 Qc6 18.b3 f5 19.f3 Qc5+ 20.Kh1 fxe4 21.fxe4 Rf6 22.Rd8+ Rxd8
23.Qxd8+ Qf8 24.Rd2 Bc6 25.Kg1 Qxd8 26.Rxd8+ Rf8 27.Rxf8+ Kxf8 28.Kf2 Ke7
29.Ke3 Kd6 30.Kd3 Kc5 31.Kc3 Bd7 32.Bf3 c6 33.a3 Kd6 34.Be2 c5 35.Bh5 Ke7
36.h4 Kf6 37.Kd3 g5 38.Kd2 gxh4 39.gxh4 Kg7 40.Ke3 Kh6 41.Bf7 Bg4 42.b4 Bh5
43.bxc5 bxc5 44.Be6 Bg6 45.Kd2 Bxe4 46.Ke3 Bg6 47.Bg4 Kg7 48.Bh3 Kf6 49.Bg2 Bb1
50.Bc6 Kg6 51.Bf3 Kf5 52.Be2 e4  0-1

[Event "CUB-ch"]
[Site "?"]
[Date "1988.??.??"]
[Round "?"]
[White "Otero, Evelio"]
[Black "Estevez, Guillermo"]
[Result "0-1"]
[WhiteElo "2325"]
[BlackElo "2310"]

1.d4 Nf6 2.c4 e6 3.Nf3 Bb4+ 4.Nbd2 b6 5.g3 Bb7 6.Bg2 O-O 7.O-O Bxd2 8.Qxd2 d6
9.b3 Nbd7 10.Bb2 Qe7 11.Rfd1 Ne4 12.Qc2 f5 13.Ne1 h5 14.Nd3 h4 15.Nf4 hxg3
16.hxg3 Ndf6 17.d5 e5 18.Ng6 Qf7 19.Nxf8 Rxf8 20.Bf3 Bc8 21.Rf1 Qg6 22.e3 Ng4
23.Rae1 Qh7 24.Bxg4 fxg4 25.f3 gxf3 26.Rf2 Qh3 27.Qxe4 Qxg3+ 28.Kh1 Qxf2  0-1

[Event "Debrecen"]
[Site "Debrecen"]
[Date "1988.??.??"]
[Round "?"]
[White "Horvath, Csaba"]
[Black "Tolnai, Tibor"]
[Result "1/2-1/2"]
[WhiteElo "2445"]
[BlackElo "2465"]

1.d4 Nf6 2.c4 e6 3.Nf3 Bb4+ 4.Nbd2 c5 5.a3 Bxd2+ 6.Qxd2 b6 7.e3 Bb7 8.Be2 cxd4
9.exd4 d5 10.b3 Nc6 11.O-O O-O 12.Qb2 dxc4 13.bxc4 Na5 14.Ne5 Nd7 15.Bd2 Nxe5
16.dxe5 Nb3 17.Rad1 Nxd2 18.Qxd2 Qxd2 19.Rxd2 Rfd8 20.Rfd1 Rxd2 21.Rxd2 Bc6
22.f4 Kf8 23.Kf2 Ke7 24.g3 f6 25.exf6+ gxf6 26.Ke3 Rc8 27.g4 h6 28.h4 e5
29.fxe5 fxe5 30.Bd3 Bd7 31.g5 hxg5 32.hxg5 Rh8 33.Rf2 Bc6 34.Be4 Bxe4 35.Kxe4 Rh4+
36.Kxe5 Rxc4 37.Kf5 Kf7 38.Rd2 Rc5+ 39.Kg4 Ra5 40.Rd7+ Kg6 41.Rd6+ Kf7 42.Rd7+ Kg6  1/2-1/2

[Event "Dieren op"]
[Site "Dieren"]
[Date "1988.??.??"]
[Round "2"]
[White "Langeweg, Kick"]
[Black "Bottema, Tom"]
[Result "1-0"]
[WhiteElo "2360"]
[BlackElo "2240"]

1.d4 Nf6 2.Nf3 e6 3.c4 Bb4+ 4.Nbd2 b6 5.a3 Bxd2+ 6.Bxd2 h6 7.g3 Bb7 8.Bg2 O-O
9.O-O d6 10.b4 Nbd7 11.Rc1 Ne4 12.Bc3 Nxc3 13.Rxc3 Qe7 14.d5 e5 15.Nh4 g6
16.e4 Rad8 17.Qa4 a5 18.Bh3 Nf6 19.Qc2 c5 20.bxa5 bxa5 21.Rb3 Qc7 22.Rfb1 Ba8
23.f3 Rb8 24.Qb2 Nd7 25.Bxd7 Rxb3 26.Qxb3 Qxd7 27.Qb5 Qxb5 28.Rxb5 a4 29.Rb6 Rd8
30.f4 exf4 31.gxf4 Kf8 32.Kf2 Ke7 33.Nf3 Kd7 34.Ra6 Bb7 35.Rxa4 Kc7 36.Ra5 Kb6
37.Rb5+ Ka7 38.Nd2 Ba6 39.Rb3 Re8 40.Rh3 h5 41.Rb3 Bc8 42.Re3 f6 43.Rg3 Rg8
44.Ke3 Kb6 45.e5 fxe5 46.fxe5 dxe5 47.Ke4 Bf5+ 48.Kxe5 Kc7 49.Kf6 Re8 50.Nf3 Kd6
51.Ng5 Re2 52.Rb3 Kd7 53.Nf3 Bc2 54.Rb7+ Kc8 55.Rb2 Kc7 56.Ne5 h4 57.h3 g5
58.a4 Kc8 59.a5 Rf2+ 60.Ke7 Re2 61.Kd6 Bd1 62.Rxe2 Bxe2 63.Kc6 Bf1 64.a6 Kb8
65.Kb6 Bxh3 66.a7+ Ka8 67.d6  1-0

[Event "Dortmund op"]
[Site "Dortmund"]
[Date "1988.??.??"]
[Round "?"]
[White "Hertneck, Gerald"]
[Black "Sarosi, Zoltan"]
[Result "1-0"]
[WhiteElo "2465"]
[BlackElo "2315"]

1.d4 Nf6 2.Nf3 e6 3.c4 Bb4+ 4.Nbd2 b6 5.a3 Bxd2+ 6.Bxd2 Bb7 7.Bg5 h6 8.Bh4 d6
9.e3 Nbd7 10.Qc2 g5 11.Bg3 Qe7 12.Bd3 h5 13.h3 Rg8 14.O-O-O h4 15.Bh2 g4
16.hxg4 Rxg4 17.Ne1 O-O-O 18.Bg1 Rh8 19.f3 Rg7 20.Bf2 Ng8 21.Rh3 Rh6 22.Be4 d5
23.Bd3 f5 24.Kb1 dxc4 25.Bxc4 Qf6 26.Rc1 Kb8 27.Bb5 Nf8 28.Nd3 c6 29.Bxc6 Rc7
30.Qa4 Ne7 31.Bxb7 Rxc1+ 32.Kxc1 Kxb7 33.Qe8 Nc6 34.Kb1 f4 35.Rh1 Qf5 36.e4 Qb5
37.Nb4  1-0

[Event "NZD-ch"]
[Site "Dunedin"]
[Date "1988.??.??"]
[Round "?"]
[White "Sarapu, Ortvin"]
[Black "Stuart, Peter"]
[Result "1-0"]
[WhiteElo "2345"]
[BlackElo "2225"]

1.d4 Nf6 2.c4 e6 3.Nf3 Bb4+ 4.Nbd2 b6 5.e3 Bb7 6.Bd3 c5 7.O-O cxd4 8.exd4 O-O
9.Qe2 Be7 10.b3 d5 11.Bb2 Nbd7 12.Rad1 Qc7 13.Ne5 Rfe8 14.f4 Bf8 15.Ndf3 Ne4
16.Rc1 Nxe5 17.fxe5 Qe7 18.Bxe4 dxe4 19.Nd2 f5 20.exf6 gxf6 21.Nxe4 f5 22.Ng3 Bg7
23.Rce1 Qh4 24.Qd2 Rad8 25.d5 exd5 26.Rxe8+ Rxe8 27.Bxg7  1-0

[Event "NZD-ch"]
[Site "Dunedin"]
[Date "1988.??.??"]
[Round "?"]
[White "Green, Ewen M"]
[Black "Garbett, Paul Anthony"]
[Result "1/2-1/2"]
[WhiteElo "2280"]
[BlackElo "2285"]

1.d4 Nf6 2.Nf3 e6 3.c4 Bb4+ 4.Nbd2 c5 5.a3 Bxd2+ 6.Bxd2 cxd4 7.Nxd4 d5 8.cxd5 Qxd5
9.Rc1 Bd7 10.e3 O-O 11.Qb3 Qxb3 12.Nxb3 Nc6 13.Nc5 Bc8 14.Bb5 Nb8 15.Be2 Nbd7
16.Nxd7 Bxd7 17.f3 Bc6 18.e4 Rfd8 19.Be3 Ne8 20.Kf2 Nd6 21.Rhd1 f5 22.Bc5 Ne8
23.exf5 exf5 24.Rxd8 Rxd8 25.Rd1 Rxd1 26.Bxd1 b6 27.Bb3+ Kh8 28.Bd4 Nc7 29.Be5 Nd5
30.Ke2 Bb5+ 31.Kd2 Ne7 32.Bb8 Nc6 33.Bd6 h5 34.a4 Bf1 35.g3 Na5 36.Bd5 Bc4
37.Ba8 Bb3 38.Kc3 Bxa4 39.b4 Nc6 40.Bxc6 Bxc6  1/2-1/2

[Event "Edinburgh op"]
[Site "Edinburgh"]
[Date "1988.??.??"]
[Round "1"]
[White "Crouch, Colin S"]
[Black "Grant, Jonathan"]
[Result "1-0"]
[WhiteElo "2330"]
[BlackElo "2200"]

1.d4 Nf6 2.Nf3 e6 3.c4 Bb4+ 4.Nbd2 b6 5.e3 Bb7 6.Bd3 Ne4 7.a3 Bxd2+ 8.Nxd2 Nxd2
9.Bxd2 d6 10.Qc2 Qh4 11.d5 O-O 12.e4 Nd7 13.O-O Nc5 14.f3 Nxd3 15.Qxd3 Rae8
16.Rae1 Bc8 17.f4 f5 18.e5 Rd8 19.Bc3 dxe5 20.Bxe5 exd5 21.cxd5 Rf7 22.Qc4 Re8
23.Rc1 Rxe5 24.fxe5 Qxc4 25.Rxc4 Ba6 26.e6 Rf8 27.Rxc7 Bxf1 28.Kxf1 Ra8 29.d6 Kf8
30.Rf7+ Kg8 31.d7  1-0

[Event "Edinburgh op"]
[Site "Edinburgh"]
[Date "1988.??.??"]
[Round "3"]
[White "Crouch, Colin S"]
[Black "McKay, Roderick M"]
[Result "0-1"]
[WhiteElo "2330"]
[BlackElo "2385"]

1.d4 Nf6 2.Nf3 e6 3.c4 Bb4+ 4.Nbd2 O-O 5.a3 Bxd2+ 6.Bxd2 d6 7.Bg5 Nbd7 8.e3 a5
9.Qc2 e5 10.dxe5 dxe5 11.Be2 a4 12.O-O Qe7 13.Rad1 h6 14.Bh4 b6 15.Nd2 Bb7
16.Nb1 Qe6 17.Nc3 Nc5 18.f3 Bc6 19.e4 Rfd8 20.Nd5 Bxd5 21.exd5 Qd6 22.Qf5 Re8
23.Bxf6 Qxf6 24.Qxf6 gxf6 25.d6 c6 26.f4 e4 27.d7 Red8 28.Bg4 Nd3 29.Rd2 Ra5
30.Bh3 f5 31.g4 fxg4 32.Bxg4 f5 33.Be2 Rxd7 34.Bxd3 Rxd3 35.Rxd3 exd3 36.Kf2 Rc5
37.Ke3 Rxc4 38.Kxd3 b5 39.Re1 Kf7 40.Re5 Kf6 41.Re8 Rxf4  0-1

[Event "Edinburgh op"]
[Site "Edinburgh"]
[Date "1988.??.??"]
[Round "3"]
[White "Orr, Mark J L"]
[Black "Motwani, Paul"]
[Result "1-0"]
[WhiteElo "2345"]
[BlackElo "2465"]

1.d4 Nf6 2.Nf3 e6 3.c4 Bb4+ 4.Nbd2 b6 5.e3 Bb7 6.Bd3 O-O 7.O-O c5 8.e4 d5
9.cxd5 exd5 10.e5 Ne4 11.Qe2 Bxd2 12.Nxd2 cxd4 13.Nxe4 dxe4 14.Bxe4 Bxe4
15.Qxe4 Qd7 16.f4 Nc6 17.Bd2 Rfd8 18.Rac1 Rac8 19.Rfe1 d3 20.Kf1 Ne7 21.Rxc8 Rxc8
22.Re3 Rd8 23.e6 fxe6 24.Qxe6+ Qxe6 25.Rxe6 Kf7 26.Re4 Rc8 27.Rd4 Ke6 28.Rxd3 Nd5
29.b3 Rc2 30.a4 Nf6 31.Bc3 h5 32.Bxf6 gxf6 33.Rh3 Rb2 34.Rxh5 Rxb3 35.a5 Rb2
36.h4 b5 37.Rh7 Kf5 38.Rxa7 Kxf4 39.Rb7 Kg3 40.h5 Rxg2 41.Rg7+  1-0

[Event "Edinburgh op"]
[Site "Edinburgh"]
[Date "1988.??.??"]
[Round "9"]
[White "Arkell, Keith C"]
[Black "Motwani, Paul"]
[Result "1-0"]
[WhiteElo "2425"]
[BlackElo "2465"]

1.d4 e6 2.c4 Nf6 3.Nf3 Bb4+ 4.Nbd2 O-O 5.a3 Bxd2+ 6.Bxd2 d6 7.Bg5 Nbd7 8.e3 e5
9.Be2 Qe7 10.O-O Re8 11.Qc2 Nf8 12.c5 e4 13.cxd6 cxd6 14.Nd2 Bf5 15.Bh4 Ng6
16.Bg3 h5 17.h3 h4 18.Bh2 Nh7 19.Rfc1 Red8 20.Qd1 Be6 21.Nxe4 Bxh3 22.gxh3 Qxe4
23.Bf3 Qe6 24.Bg2 Rac8 25.Qg4 d5 26.Rxc8 Rxc8 27.Bxd5 Qxg4+ 28.hxg4 Rc2 29.b4 Ng5
30.Kg2 b6 31.b5 Ne7 32.Bb7 f5 33.gxf5 Kf7 34.Bf4 Kf6 35.Bxg5+ Kxg5 36.Kf3 h3
37.Rg1+ Kf6 38.Rh1 Rc3 39.Be4 Rxa3 40.Rxh3 Rb3 41.Rh8 Rxb5 42.Rf8+ Kg5 43.Rf7 Nxf5
44.Rxa7 g6 45.Ra2 Kf6 46.Bxf5 Rxf5+ 47.Ke4 Ke6 48.f4 Kd6 49.Rg2 Rf6 50.d5 b5
51.Rc2 Kd7 52.Kd4 Rb6 53.Rb2 Rb8 54.Rb4 Ke7 55.e4 Kf6 56.Kc5 g5 57.fxg5+ Ke5
58.g6 Rg8 59.Rxb5 Rxg6 60.Rb6  1-0

[Event "Eindhoven op"]
[Site "Eindhoven"]
[Date "1988.??.??"]
[Round "?"]
[White "Brenninkmeijer, Joris"]
[Black "Langeweg, Kick"]
[Result "1-0"]
[WhiteElo "2385"]
[BlackElo "2360"]

1.d4 Nf6 2.c4 e6 3.Nf3 Bb4+ 4.Nbd2 b6 5.a3 Bxd2+ 6.Bxd2 Bb7 7.Bg5 d6 8.e3 Nbd7
9.Qc2 h6 10.Bh4 Qe7 11.Bd3 g5 12.Bg3 h5 13.h3 Rg8 14.O-O-O h4 15.Bh2 O-O-O
16.Rhg1 g4 17.Nxh4 Nh5 18.g3 Nhf6 19.Kb1 Kb8 20.Ka1 gxh3 21.f3 Rg7 22.Bf1 Rh8
23.Qf2 Ba6 24.Rc1 c5 25.Bxh3 d5 26.cxd5 Nxd5 27.e4 Nc7 28.Rgd1 Bb7 29.Bf1 cxd4
30.Qxd4 f6 31.b4 Ne5 32.Be2 Qe8 33.f4 Qa4 34.Qc3 Ng4 35.Bxg4 Nb5 36.Qd3 Bxe4
37.Qe3 Nxa3 38.Kb2 Qxb4+ 39.Qb3 Qxb3+ 40.Kxb3 Bc2+ 41.Kxa3  1-0

[Event "Frunze"]
[Site "Frunze"]
[Date "1988.??.??"]
[Round "?"]
[White "Aseev, Konstantin N"]
[Black "Kiselev, Sergey"]
[Result "0-1"]
[WhiteElo "2445"]
[BlackElo "2420"]

1.d4 Nf6 2.c4 e6 3.Nf3 Bb4+ 4.Nbd2 b6 5.a3 Bxd2+ 6.Qxd2 Bb7 7.g3 O-O 8.Bg2 Be4
9.O-O c5 10.dxc5 bxc5 11.b4 a5 12.b5 d5 13.cxd5 exd5 14.a4 Nbd7 15.Ba3 Re8
16.Rfc1 Qb6 17.Qd1 d4 18.Bh3 Bxf3 19.exf3 Rac8 20.Qb3 Rc7 21.Bf1 Rec8 22.f4 Ne4
23.Rc2 Ndf6 24.Re1 h6 25.Bc4 Rd8 26.Rce2 d3 27.Rxe4 d2 28.R4e2 dxe1=Q+ 29.Rxe1 Rcd7
30.Bb2 Nd5 31.Re5 Nb4 32.Qc3 Kh7 33.Rxc5 f6 34.Bb3 Kh8 35.Qc4 Nd3 36.Ba3 Nxc5
37.Bxc5 Qb7 38.Qe2 Rd2 39.Qe1 Qf3  0-1

[Event "Gausdal Int"]
[Site "Gausdal"]
[Date "1988.??.??"]
[Round "?"]
[White "Wegner, Hannu"]
[Black "Inkiov, Ventzislav"]
[Result "0-1"]
[WhiteElo "2290"]
[BlackElo "2485"]

1.d4 Nf6 2.Nf3 e6 3.c4 Bb4+ 4.Nbd2 b6 5.a3 Bxd2+ 6.Qxd2 Bb7 7.e3 d6 8.Be2 Nbd7
9.O-O Ne4 10.Qc2 O-O 11.b4 f5 12.Bb2 Qe8 13.Ne1 Ndf6 14.f3 Ng5 15.Nd3 Nf7
16.Nf2 Qe7 17.e4 fxe4 18.fxe4 e5 19.d5 c5 20.bxc5 bxc5 21.Bc3 Bc8 22.Bd2 Rb8
23.Rab1 Rxb1 24.Rxb1 Nh8 25.Qa4 Ng6 26.g3 Qf7 27.Be3 Nf4 28.gxf4 Qg6+ 29.Kf1 exf4
30.Bxf4 Nxe4 31.Rb8 Nxf2 32.Rxc8 Rxc8 33.Kxf2 Rf8 34.Ke3 Qg1+ 35.Kf3 g5  0-1

[Event "Peer Gynt"]
[Site "Gausdal"]
[Date "1988.??.??"]
[Round "?"]
[White "Petursson, Margeir"]
[Black "Schmittdiel, Eckhard"]
[Result "1-0"]
[WhiteElo "2530"]
[BlackElo "2425"]

1.d4 Nf6 2.c4 e6 3.Nf3 Bb4+ 4.Nbd2 b6 5.a3 Bxd2+ 6.Bxd2 Bb7 7.Bg5 d6 8.e3 Nbd7
9.Nd2 h6 10.Bh4 e5 11.d5 Qe7 12.Bd3 g5 13.Bg3 e4 14.Bc2 b5 15.b3 O-O-O 16.cxb5 Bxd5
17.Nc4 Bxc4 18.bxc4 Nc5 19.O-O Qe6 20.Qe2 Rde8 21.a4 Ng4 22.Rad1 h5 23.h3 Nf6
24.f4 exf3 25.Qxf3 Nfe4 26.Bxe4 Qxe4 27.Qxf7 g4 28.h4 Rhf8 29.Qd5 Qxe3+ 30.Kh2 Rxf1
31.Rxf1 Ne4 32.Qa8+ Kd7 33.Rf7+ Re7 34.Qc6+ Ke6 35.Qd5+ Kd7 36.Qc6+ Ke6 37.Qd5+ Kd7
38.Qf5+ Kd8 39.Rf8+ Re8 40.Rxe8+ Kxe8 41.Qxh5+ Ke7 42.Qxg4  1-0

[Event "Geneve-B"]
[Site "Geneve"]
[Date "1988.??.??"]
[Round "?"]
[White "Levacic, Damir"]
[Black "Landenbergue, Claude"]
[Result "0-1"]
[WhiteElo "2310"]
[BlackElo "2325"]

1.d4 Nf6 2.c4 e6 3.Nf3 Bb4+ 4.Nbd2 O-O 5.a3 Be7 6.e3 b6 7.Bd3 Bb7 8.O-O c5
9.dxc5 bxc5 10.Qc2 Nc6 11.b3 a5 12.Bb2 h6 13.Rad1 Qc7 14.h3 Rab8 15.Nb1 a4
16.bxa4 Na5 17.e4 Ba6 18.e5 Nh5 19.Bc1 f5 20.Nc3 Bb7 21.Nb5 Qd8 22.Be2 Be4
23.Qc3 Nc6 24.Nh2 Qe8 25.Bxh5 Qxh5 26.Rxd7 Rfd8 27.Rxd8+ Rxd8 28.f3 Nd4 29.Nxd4 cxd4
30.Qb3 Bc6 31.Qb6 Qe8 32.Bd2 Bxa3 33.a5 Rc8 34.Ra1 Qe7 35.Kf1 Bc5 36.Qb3 Qc7
37.f4 Rb8 38.Qa2 Be4 39.Rc1 Qc6 40.Be1 d3 41.Rd1 Bd4 42.Rd2 Be3 43.Rb2 Rxb2
44.Qxb2 Qxc4 45.Bd2 Ba7 46.Qc3 Qd5 47.g4 Bh1 48.Ke1 Bf3 49.Qb4 Be2  0-1

[Event "Regional-Liga NS"]
[Site "Germany"]
[Date "1988.??.??"]
[Round "?"]
[White "Von Herman, Ulf"]
[Black "Sprotte, Norbert"]
[Result "0-1"]
[WhiteElo "2360"]
[BlackElo "2260"]

1.d4 Nf6 2.c4 e6 3.Nf3 Bb4+ 4.Nbd2 O-O 5.a3 Be7 6.e4 d5 7.cxd5 exd5 8.e5 Nfd7
9.Bd3 c5 10.Qe2 Nc6 11.e6 Nf6 12.exf7+ Rxf7 13.Ne5 Rf8 14.Ndf3 Re8 15.O-O Bd6
16.Nxc6 bxc6 17.Qc2 c4 18.Bf5 Rb8 19.Bxc8 Qxc8 20.Rb1 Rb3 21.Nd2 Bxh2+ 22.Kxh2 Ng4+
23.Kh1 Qc7 24.g3 Re2 25.Qf5 Rxg3 26.Qh5 Nxf2+ 27.Rxf2 Rxf2 28.Qe8+ Rf8 29.Qe6+ Qf7  0-1

[Event "BL2-S8788"]
[Site "Germany"]
[Date "1988.??.??"]
[Round "?"]
[White "Rother, Christoph"]
[Black "Schubert, Christian"]
[Result "0-1"]
[WhiteElo "2340"]
[BlackElo "2280"]

1.d4 Nf6 2.c4 e6 3.Nf3 Bb4+ 4.Nbd2 c5 5.e3 cxd4 6.exd4 O-O 7.Bd3 d5 8.O-O Nc6
9.a3 Bxd2 10.Qxd2 Na5 11.Qb4 dxc4 12.Bxc4 Nd5 13.Bxd5 Qxd5 14.Be3 b6 15.Rac1 Ba6
16.Rfe1 Nc6 17.Qd2 Bb7 18.Rc3 Rac8 19.Rec1 Rfd8 20.Qe2 h6 21.Qf1 Ne7 22.Rxc8 Rxc8
23.Rxc8+ Nxc8 24.Qc1 Nd6 25.h3 Nc4 26.Qc3 a5 27.Bc1 a4 28.Ne1 Nd6 29.Nf3 Nb5
30.Qb4 Qb3 31.Qxb3 axb3 32.a4 Nd6 33.Ne5 f6 34.Nd3 Bc6 35.Kf1 Bxa4 36.Ke1 Bc6
37.g3 Kf7 38.Bd2 Be4 39.Nb4 Nb5 40.Be3 Ke7 41.Kd2 g5 42.Ke2 Kd6 43.f3 Bb7
44.Bf2 Nc7 45.h4 Ne8 46.Be3 Ng7 47.Bf2 Nf5 48.hxg5 hxg5 49.f4 g4 50.Kd2 Be4
51.Kc3 Bd5 52.Be1 b5 53.Bf2 Bc4 54.Kd2 Ne7 55.Ke3 Nc8 56.Be1 Nb6 57.Bd2 Bd5
58.Kd3 Nc4 59.Kc3 Be4 60.Bc1 Bc2 61.Bd2 Kd7 62.Bc1 Nd6 63.d5 Ne4+ 64.Kd4 Nxg3
65.Ke3 Nf5+ 66.Kf2 Be4 67.dxe6+ Kxe6 68.Bd2 g3+ 69.Kg1 Nd4 70.Be3 Nc2 71.Bc5  0-1

[Event "BL2-SW8788"]
[Site "Germany"]
[Date "1988.??.??"]
[Round "?"]
[White "Gschnitzer, Oswald"]
[Black "Biehler, Thomas"]
[Result "0-1"]
[WhiteElo "2295"]
[BlackElo "2225"]

1.d4 Nf6 2.Nf3 e6 3.c4 Bb4+ 4.Nbd2 b6 5.e3 Bb7 6.Bd3 O-O 7.O-O c5 8.Qc2 cxd4
9.exd4 d5 10.c5 bxc5 11.dxc5 Qc7 12.Nb3 a5 13.a3 a4 14.axb4 axb3 15.Qb1 e5
16.Rxa8 Bxa8 17.Bf5 e4 18.Nd4 Qe5 19.Be3 Nc6 20.f4 exf3 21.Qd3 Nxb4 22.Qxb3 Nc6
23.Qd3 fxg2 24.Rf3 Re8 25.Kxg2 Ne4 26.Bd7 Nxc5 27.Qf5 Qxf5 28.Bxf5 Ne6 29.Bxe6 fxe6
30.Nxc6 Bxc6 31.Bd4  0-1

[Event "Groningen"]
[Site "Groningen"]
[Date "1988.??.??"]
[Round "?"]
[White "Piket, Jeroen"]
[Black "Brenninkmeijer, Joris"]
[Result "1/2-1/2"]
[WhiteElo "2495"]
[BlackElo "2390"]

1.d4 Nf6 2.c4 e6 3.Nf3 Bb4+ 4.Nbd2 O-O 5.a3 Be7 6.e4 d5 7.Qc2 c5 8.e5 Nfd7
9.cxd5 exd5 10.Bd3 h6 11.O-O Nc6 12.Re1 a5 13.Bf5 cxd4 14.Nb3 Qb6 15.e6 Nf6
16.exf7+ Rxf7 17.Bxc8 Rxc8 18.Nbxd4 Bc5 19.Ne6 Ne4 20.Nxc5 Qxc5 21.Qxc5  1/2-1/2

[Event "Groningen op"]
[Site "Groningen"]
[Date "1988.??.??"]
[Round "?"]
[White "Bewersdorff, Oliver"]
[Black "Michalet, Guy"]
[Result "1-0"]
[WhiteElo "2335"]
[BlackElo "2215"]

1.d4 Nf6 2.Nf3 e6 3.c4 Bb4+ 4.Nbd2 d5 5.Qa4+ Nc6 6.e3 Bd7 7.Qc2 Ne4 8.a3 Nxd2
9.Nxd2 Be7 10.Bd3 dxc4 11.Nxc4 h6 12.O-O O-O 13.b4 a6 14.Bb2 Bf6 15.Rfd1 Qe7
16.Rac1 Rfd8 17.f4 Be8 18.Ne5 Bxe5 19.fxe5 Qg5 20.Qf2 Rd7 21.Be4 Re7 22.Rf1 Nd8
23.Qe1 Bc6 24.Bxc6 Nxc6 25.Rf3 Rd8 26.Qf2 Rdd7 27.Rf1 Kh8 28.Bc1 Qg6 29.Qh4 Qh7
30.Rg3 Re8 31.Rgf3 Qg6 32.h3 Rg8 33.Kh2 Nd8 34.R1f2 Nc6 35.Rg3 Qh7 36.Bb2 Nd8
37.Rgf3 Qg6 38.g4 Kh7 39.Qg3 Rf8 40.Rf4 Rg8 41.Qf3 Rf8 42.Qd1 Nc6 43.Qb3 Ne7
44.Qa4 c6 45.e4 Kg8 46.Qb3 Qh7 47.Qxe6 Rc7 48.Rxf7 Rxf7 49.Qxf7+ Kh8 50.Qe8+ Ng8
51.Rf8 g5 52.d5 cxd5 53.e6+ Rg7 54.e7 d4 55.Bxd4 h5 56.Rxg8+  1-0

[Event "Groningen op"]
[Site "Groningen"]
[Date "1988.??.??"]
[Round "?"]
[White "Peek, Marcel"]
[Black "Michalet, Guy"]
[Result "1-0"]
[WhiteElo "2345"]
[BlackElo "2215"]

1.d4 Nf6 2.c4 e6 3.Nf3 Bb4+ 4.Nbd2 b6 5.a3 Bxd2+ 6.Bxd2 Bb7 7.Bg5 d6 8.e3 h6
9.Bh4 g5 10.Bg3 Ne4 11.Nd2 Nxg3 12.hxg3 Nd7 13.Qc2 Qe7 14.Rh2 O-O-O 15.O-O-O c5
16.Bd3 Kb8 17.Kb1 cxd4 18.exd4 d5 19.Nf3 dxc4 20.Qxc4 g4 21.Ne5 Nxe5 22.dxe5 Qg5
23.Qc1 Qxe5 24.Rxh6 Rxh6 25.Qxh6 Bxg2 26.Rc1 Be4 27.Bxe4 Qxe4+ 28.Ka1 Qf3
29.Qg5 Rc8 30.Rb1 f6 31.Qd2 e5 32.Re1 Kb7 33.Ka2 Qc6 34.Kb1 Rc7 35.Qd3 Qc4
36.Qf5 Rc6 37.Rh1 Ka6 38.Rd1 b5 39.Qd7 Qe6 40.Qd3 Qc4 41.Qxc4 bxc4 42.Kc2 Kb5
43.Rd7 a6 44.Rg7 Kc5 45.Rxg4 Kd5 46.Kc3 Rb6 47.f4 Rb3+ 48.Kc2 e4 49.Rg8 Rf3
50.Rd8+ Kc5 51.Rf8 Kd4 52.Rxf6 Rxg3 53.Rxa6 Rg2+ 54.Kc1 e3 55.f5 Rf2 56.Rd6+ Ke4
57.f6 Ke5 58.Rd8 Rxf6 59.Kc2 Rd6 60.Rxd6 Kxd6 61.Kd1 Kc5 62.Ke2 Kd4 63.a4 Kc5
64.Kxe3 Kb4 65.Kd4 Kxa4 66.Kxc4 Ka5 67.Kc5 Ka6 68.b4 Kb7 69.Kb5 Kc7 70.Ka6 Kb8
71.b5 Ka8 72.b6 Kb8 73.b7  1-0

[Event "Groningen op"]
[Site "Groningen"]
[Date "1988.??.??"]
[Round "?"]
[White "Howell, James C"]
[Black "Dizdar, Goran"]
[Result "0-1"]
[WhiteElo "2380"]
[BlackElo "2490"]

1.d4 Nf6 2.c4 e6 3.Nf3 Bb4+ 4.Nbd2 O-O 5.a3 Be7 6.e4 d5 7.e5 Nfd7 8.cxd5 exd5
9.Bd3 c5 10.O-O Nc6 11.Re1 Re8 12.Nf1 cxd4 13.b4 a6 14.Ng3 g6 15.Bh6 Nb6
16.h3 Be6 17.Ra2 Rc8 18.Nh5 gxh5 19.Ng5 Bxg5 20.Qxh5 f5 21.exf6 Bxf6 22.Bxh7+ Kxh7
23.Bg5+ Kg7 24.Qh6+ Kf7 25.Qh7+ Bg7 26.Bxd8 Rcxd8 27.Rae2 Bd7 28.Qh5+ Kf8
29.h4 Rxe2 30.Rxe2 Be8 31.Qf5+ Bf7 32.h5 d3 33.Rd2 Nd4 34.Qh7 Rd6 35.Qxd3 Bxh5
36.Qg3 Rd7 37.Rxd4 Bxd4 38.Qf4+ Bf7 39.Qxd4 Nc4  0-1

[Event "Groningen op"]
[Site "Groningen"]
[Date "1988.??.??"]
[Round "?"]
[White "Norwood, David"]
[Black "Kraut, Rainer"]
[Result "1-0"]
[WhiteElo "2460"]
[BlackElo "2410"]

1.d4 Nf6 2.c4 e6 3.Nf3 Bb4+ 4.Nbd2 b6 5.g3 Bb7 6.Bg2 O-O 7.O-O Bxd2 8.Qxd2 d6
9.b3 Nbd7 10.Bb2 Be4 11.Rfe1 Re8 12.Bh3 c6 13.Nh4 d5 14.f3 Bg6 15.Rad1 Qc7
16.e4 dxe4 17.Nxg6 hxg6 18.fxe4 e5 19.d5 c5 20.g4 Qd6 21.Kh1 a6 22.Qe3 b5
23.Rf1 bxc4 24.bxc4 Nb6 25.Rc1 g5 26.Qxg5 Nxe4 27.Qf5 Qg6 28.Qxg6 fxg6 29.Rc2 g5
30.Re1 Nd6 31.Bf1 e4 32.Bc1 Re5 33.Be3 Nd7 34.Bg2 Rb8 35.Bf2 Re7 36.Bg3 Ne5
37.Bxe4 Rbe8 38.Bf5 Nexc4 39.Be6+ Kh8 40.Rec1  1-0